| 000 | 00463cam a2200169ua 4500 | ||
|---|---|---|---|
| 041 |
_amal _h |
||
| 082 |
_a821 _bTRO/AL |
||
| 100 | _aTrott, Anthony . | ||
| 245 |
_aAlexander pope: an essay on man epistle to Dr. Abruthnot / _cAnthony Trott. _hTextual Documents |
||
| 250 |
_a1 / _b. |
||
| 260 |
_aMelbourne : _bMacMillan and Company Limited , _c1966. |
||
| 300 | _a187 ; . | ||
| 504 | _a | ||
| 700 | 1 | _aAxford, Martin . | |
| 942 | _cBK | ||
| 999 |
_c4017 _d4017 |
||